Statistics for Ancient Rome A-Z.

Click here to take the quiz!

General Stats

  • This quiz has been taken 982 times
    (627 since last reset)
  • The average score is 15 of 26

Answer Stats

HintAnswer% Correct
A) First emperor of RomeAugustus
97%
G) Men who were trained to fight in public gamesGladiators
92%
L) Military unit of roughly 5000 menLegion
85%
C) General who conquered GaulCaesar (Julius)
83%
R) Founding brother who was slain for scaling his brothers wallRemus
83%
S) The ruling body of menSenate
83%
W) Defensive structures in Scotland, prefixed by 'Hadriens' and 'Antonine'Walls
83%
X) Roman numeral for 38XXXVIII
81%
I) Peninsula upon which Rome sitsItaly
77%
K) Rome supposedly had 7 of these prior to the formation of the republicKings
73%
H) King of Judea c37bc- c4bcHerod the Great
70%
Y) Modern name of the north English Roman city of EboracumYork
70%
B) British warrior queen who led an unsuccessful rebellion against Roman ruleBoudicca
68%
O) Poet of the Augustan era, author of metamorphosisOvid
61%
F) Short lived imperial dynasty involving Vespasian, Titus and DomitianFlavian
51%
P) Famous general and member of the first triumvirate, cleared the Mediterranean of piratesPompey the Great
47%
V) Priestesses of the godess Vesta, faced terrible punishments for breaking their vows of chastityVestal Virgins
45%
J) Granddaughter of A) her vivacious life scandalised Rome, later forced into exileJulia the Younger
44%
U) Where Pluto residedUnderworld
43%
T) Celebratory procession awarded to a successful generalTriumph
42%
D) Roman province, now part of Romania and SerbiaDacia
40%
M) consul an unprecedented 7 times, responsible for many reforms in civilian and military lifeMarius (Gaius)
25%
Q) First official post on the 'cursus honorum'Quaestor
25%
E) Syrian born emporer, prone to wild excesses by all accountsElagabalus
23%
Z) Rebellious queen of Palmyra, eventually caught and captured on the orders of the emporer AurellianZenobia
18%
N) Name for the first man of a family line to serve in the senate or consulship 'new man'Novus Homo
11%

Score Distribution

Percentile by Number Answered

Percent of People with Each Score

Your Score History

You have not taken this quiz since the last reset